<?xml version="1.0" encoding="UTF-8"?>
<record
    xmlns:xsi="http://www.w3.org/2001/XMLSchema-instance"
    xsi:schemaLocation="http://www.loc.gov/MARC21/slim http://www.loc.gov/standards/marcxml/schema/MARC21slim.xsd"
    xmlns="http://www.loc.gov/MARC21/slim">

  <leader>01630cam a2200397 a 4500</leader>
  <controlfield tag="001">2504408</controlfield>
  <controlfield tag="003">OSt</controlfield>
  <controlfield tag="005">20140310184350.0</controlfield>
  <controlfield tag="008">920529s1993    nyua   j      000 0aeng  </controlfield>
  <datafield tag="010" ind1=" " ind2=" ">
    <subfield code="a">   92021831 </subfield>
  </datafield>
  <datafield tag="020" ind1=" " ind2=" ">
    <subfield code="a">9780439611817</subfield>
  </datafield>
  <datafield tag="040" ind1=" " ind2=" ">
    <subfield code="a">DLC</subfield>
    <subfield code="c">DLC</subfield>
    <subfield code="d">DLC</subfield>
    <subfield code="d">OCoLC</subfield>
    <subfield code="d">DLC</subfield>
  </datafield>
  <datafield tag="042" ind1=" " ind2=" ">
    <subfield code="a">lcac</subfield>
  </datafield>
  <datafield tag="043" ind1=" " ind2=" ">
    <subfield code="a">e-ur-un</subfield>
  </datafield>
  <datafield tag="050" ind1="0" ind2="0">
    <subfield code="a">DS 135.R93 </subfield>
    <subfield code="b">.T651 2004</subfield>
  </datafield>
  <datafield tag="100" ind1="1" ind2=" ">
    <subfield code="a">Toll, Nelly S.</subfield>
  </datafield>
  <datafield tag="245" ind1="1" ind2="0">
    <subfield code="a">Behind the secret window :</subfield>
    <subfield code="b">a memoir of a hidden childhood during World War Two /</subfield>
    <subfield code="c">Nelly S. Toll.</subfield>
  </datafield>
  <datafield tag="250" ind1=" " ind2=" ">
    <subfield code="a">1st ed.</subfield>
  </datafield>
  <datafield tag="260" ind1=" " ind2=" ">
    <subfield code="a">New York :</subfield>
    <subfield code="b">Scholastic,</subfield>
    <subfield code="c">2004.</subfield>
  </datafield>
  <datafield tag="300" ind1=" " ind2=" ">
    <subfield code="a">xiii, 161 p. :</subfield>
    <subfield code="b">col. ill. ;</subfield>
    <subfield code="c">19 cm.</subfield>
  </datafield>
  <datafield tag="521" ind1=" " ind2=" ">
    <subfield code="a">G8</subfield>
  </datafield>
  <datafield tag="526" ind1=" " ind2=" ">
    <subfield code="c">910</subfield>
  </datafield>
  <datafield tag="600" ind1="1" ind2="0">
    <subfield code="a">Toll, Nelly S.</subfield>
    <subfield code="x">Juvenile literature.</subfield>
    <subfield code="9">25042</subfield>
  </datafield>
  <datafield tag="600" ind1="1" ind2="1">
    <subfield code="a">Toll, Nelly S.</subfield>
  </datafield>
  <datafield tag="650" ind1=" " ind2="0">
    <subfield code="a">Jews</subfield>
    <subfield code="x">Persecutions</subfield>
    <subfield code="z">Ukraine</subfield>
    <subfield code="z">L&#x2B9;viv</subfield>
    <subfield code="x">Juvenile literature.</subfield>
    <subfield code="9">25043</subfield>
  </datafield>
  <datafield tag="650" ind1=" " ind2="0">
    <subfield code="a">Holocaust, Jewish (1939-1945)</subfield>
    <subfield code="z">Ukraine</subfield>
    <subfield code="z">L&#x2B9;viv</subfield>
    <subfield code="x">Personal narratives</subfield>
    <subfield code="x">Juvenile literature.</subfield>
    <subfield code="9">25044</subfield>
  </datafield>
  <datafield tag="650" ind1=" " ind2="0">
    <subfield code="a">World War, 1939-1945</subfield>
    <subfield code="x">Children</subfield>
    <subfield code="z">Ukraine</subfield>
    <subfield code="z">L&#x2B9;viv</subfield>
    <subfield code="x">Juvenile literature.</subfield>
    <subfield code="9">25045</subfield>
  </datafield>
  <datafield tag="650" ind1=" " ind2="1">
    <subfield code="a">Jews</subfield>
    <subfield code="x">Persecutions</subfield>
    <subfield code="z">Ukraine</subfield>
    <subfield code="z">L&#x2B9;viv.</subfield>
    <subfield code="9">25046</subfield>
  </datafield>
  <datafield tag="650" ind1=" " ind2="1">
    <subfield code="a">Holocaust, Jewish (1939-1945)</subfield>
    <subfield code="z">Ukraine</subfield>
    <subfield code="z">L&#x2B9;viv</subfield>
    <subfield code="x">Personal narratives.</subfield>
    <subfield code="9">25047</subfield>
  </datafield>
  <datafield tag="650" ind1=" " ind2="1">
    <subfield code="a">World War, 1939-1945</subfield>
    <subfield code="z">Ukraine</subfield>
    <subfield code="z">L&#x2B9;viv.</subfield>
    <subfield code="9">25048</subfield>
  </datafield>
  <datafield tag="651" ind1=" " ind2="0">
    <subfield code="a">L&#x2B9;viv (Ukraine)</subfield>
    <subfield code="x">Ethnic relations</subfield>
    <subfield code="x">Juvenile literature.</subfield>
    <subfield code="9">25049</subfield>
  </datafield>
  <datafield tag="906" ind1=" " ind2=" ">
    <subfield code="a">7</subfield>
    <subfield code="b">cbc</subfield>
    <subfield code="c">orignew</subfield>
    <subfield code="d">1</subfield>
    <subfield code="e">ocip</subfield>
    <subfield code="f">19</subfield>
    <subfield code="g">y-gencatlg</subfield>
  </datafield>
  <datafield tag="942" ind1=" " ind2=" ">
    <subfield code="2">lcc</subfield>
    <subfield code="c">BK-SCHOLAS</subfield>
  </datafield>
  <datafield tag="999" ind1=" " ind2=" ">
    <subfield code="c">33926</subfield>
    <subfield code="d">33926</subfield>
  </datafield>
  <datafield tag="952" ind1=" " ind2=" ">
    <subfield code="0">0</subfield>
    <subfield code="1">0</subfield>
    <subfield code="2">lcc</subfield>
    <subfield code="4">0</subfield>
    <subfield code="a">LUX</subfield>
    <subfield code="b">LUX</subfield>
    <subfield code="c">SCHO</subfield>
    <subfield code="d">2013-10-07</subfield>
    <subfield code="l">0</subfield>
    <subfield code="o">DS 135.R93 .T651 2004</subfield>
    <subfield code="p">LEX0366</subfield>
    <subfield code="r">2019-07-10 00:00:00</subfield>
    <subfield code="t">1</subfield>
    <subfield code="w">2013-10-07</subfield>
    <subfield code="y">BK</subfield>
  </datafield>
</record>
